Normal view
MARC view
- Geldard, Kathryn.
Entry Personal Name
001 - CONTROL NUMBER
- control field: 4477
003 - CONTROL NUMBER IDENTIFIER
- control field: NUST
005 - DATE AND TIME OF LATEST TRANSACTION
- control field: 20170829131134.0
008 - FIXED-LENGTH DATA ELEMENTS
- fixed length control field: 170829|| aca||aabn | a|a d
040 ## - CATALOGING SOURCE
- Original cataloging agency: NUST
- Transcribing agency: NUST
100 ## - HEADING--PERSONAL NAME
- Personal name: Geldard, Kathryn.
670 ## - SOURCE DATA FOUND
- Source citation: Work cat.: (NUST)0: Geldard, Kathryn., Counselling adolescents :, 2010.
